| 000 | 00742 a2200193 4500 | ||
|---|---|---|---|
| 001 | 57970 | ||
| 005 | 20260407155839.0 | ||
| 008 | 260407a1986 arg spa d | ||
| 003 | AR-UNSa-BCEJYS | ||
| 040 |
_aAR-UNSa-BCEJYS _bspa _cAR-UNSa-BCEJYS |
||
| 080 |
_a321.7 _xDemocracia |
||
| 245 | 1 | 0 | _aDescentralización y democracia |
| 264 | 1 |
_aBuenos Aires : _bFundación Friedrich Ebert _c1986 |
|
| 300 |
_a31 p. _c21 cm. |
||
| 505 | _a1. ¿Qué entendemos por concentración y centralización? – 2. ¿Por qué descentralización en Argentina? – 3. Participación como complemento necesario de la descentralización – 4. Consideraciones finales | ||
| 942 | _cBK | ||
| 590 | _aniveau_biblio:m niveau_hierar:0 | ||
| 100 | 1 | _aRofman, Alejandro | |
| 999 |
_c6353 _d6353 |
||